UM Logo

Recent Philippine budget reforms: (Record no. 5908)

MARC details
000 -LEADER
fixed length control field 00622nam a22001577a 4500
008 - FIXED-LENGTH DATA ELEMENTS--GENERAL INFORMATION
fixed length control field 161129b xxu||||| |||| 00| 0 eng d
022 ## - INTERNATIONAL STANDARD SERIAL NUMBER
International Standard Serial Number 9770118389007
082 ## - DEWEY DECIMAL CLASSIFICATION NUMBER
Classification number DPer 330.5 P53 June-Dec 2014 v51 n1 & 2
100 ## - MAIN ENTRY--PERSONAL NAME
9 (RLIN) 17899
Personal name Diokno, Benjamin E.
245 ## - TITLE STATEMENT
Title Recent Philippine budget reforms:
Remainder of title separating the chaff from the grain, the whimsical from the real/
Statement of responsibility, etc. Benjamin E. Diokno.
260 ## - PUBLICATION, DISTRIBUTION, ETC. (IMPRINT)
Place of publication, distribution, etc. Philippines:
Name of publisher, distributor, etc. UP School of Economics/ The Phil. Economic Society,
Date of publication, distribution, etc. ©2014.
300 ## - PHYSICAL DESCRIPTION
Extent v51 n1, pages 60-83;
Dimensions 24 cm.
500 ## - GENERAL NOTE
General note Philippine review of economics.
650 #0 - SUBJECT ADDED ENTRY--TOPICAL TERM
9 (RLIN) 17900
Topical term or geographic name as entry element Budget
942 ## - ADDED ENTRY ELEMENTS (KOHA)
Source of classification or shelving scheme Dewey Decimal Classification
Koha item type Periodicals
Holdings
Withdrawn status Lost status Source of classification or shelving scheme Damaged status Not for loan Collection code Home library Current library Date acquired Total Checkouts Full call number Date last seen Price effective from Koha item type Public note
    Dewey Decimal Classification     Periodicals UM Digos College - LIC UM Digos College - LIC 11/29/2016   DPer 330.5 P53 June-Dec 2014 v51 n1 & 2 11/29/2016 11/29/2016 Periodicals Periodical article